Blanqueo y moratoria (Registro nro. 3476)

Detalles MARC
000 -LEADER
fixed length control field 02121 a2200205 4500
001 - CONTROL NUMBER
control field 41342
005 - DATE AND TIME OF LATEST TRANSACTION
control field 20260407155707.0
008 - FIXED-LENGTH DATA ELEMENTS--GENERAL INFORMATION
fixed length control field 260407a2017 arg spa d
003 - CONTROL NUMBER IDENTIFIER
control field AR-UNSa-BCEJYS
040 ## - CATALOGING SOURCE
Original cataloging agency AR-UNSa-BCEJYS
Language of cataloging spa
Transcribing agency AR-UNSa-BCEJYS
080 ## - UNIVERSAL DECIMAL CLASSIFICATION NUMBER
Universal Decimal Classification number 336.22
Common auxiliary subdivision Impuestos
041 ## - LANGUAGE CODE
Language code of text/sound track or separate title spa
245 10 - TITLE STATEMENT
Title Blanqueo y moratoria
Name of part/section of a work suplemento doctrina
264 #1 - PRODUCTION, PUBLICATION, DISTRIBUTION, MANUFACTURE, AND COPYRIGHT NOTICE
Place of production, publication, distribution, manufacture Buenos Aires :
Name of producer, publisher, distributor, manufacturer Errepar
Date of production, publication, distribution, manufacture, or copyright notice 2017
300 ## - PHYSICAL DESCRIPTION
Extent 181 p.
Dimensions 21 cm.
505 ## - FORMATTED CONTENTS NOTE
Formatted contents note I. Acerca del sinceramiento fiscal: 1. El nuevo régimen de sinceramiento fiscal de la ley 27260 / Hugo E. Kaplan, Mario Volman y Fabián P. Graña - 2. Algunas cuestiones en torno a la nueva ley de sinceramiento fiscal / Gustavo F. Wendy - II. Otros aspectos sobre el sinceramiento fiscal: 1. Los alcances del secreto fiscal en torno a la nueva ley de sinceramiento fiscal / Agustina O'Donnel - 2. El sinceramiento fiscal en empresas multinacionales / Jorge Gebhardt y Rubén H. Malvitano - III. Aspectos prácticos del sinceramiento fiscal: 1. Transferencia de bienes registrados a nombre de terceros / Enrique M. Skiarski y Oscar D. Cesaretti - 2. Un llamado de atención sobre algunos requisitos imprescindibles para mantener los beneficios de la ley 27260 / Mario J. Rapisarda - IV. Consecuencias contables y societarias del sinceramientoi fiscal: 1. El sinceramiento fiscal. Posibles efectos en la contabilidad y la auditoría de estados financieros / Ana María Cóccaro - 2. Sinceramiento fiscal y de estados financieros. Posibles consecuencias contables y societarias de la disminución del activo de una sociedad / Gustavo Símaro y Valeria Torchelli - V. Aspectos penales de la ley 27260: 1. Algunas consideraciones respecto a los aspectos penales / Esteban D. Semachowicz y Alejandro Pampliega - VI. Acerca de la moratoria y la regularización de obligaciones: 1. Régimen excepcional de regularización de obligaciones tributarias, de la seguridad social y aduaneras -moratoria- / Raúl A. De Soto
590 ## - LOCAL NOTE (RLIN)
Local note niveau_biblio:m niveau_hierar:0
856 41 - ELECTRONIC LOCATION AND ACCESS
Uniform Resource Identifier <a href="https://biblioeco.unsa.edu.ar/pmb/images/libros/E00041.jpg">https://biblioeco.unsa.edu.ar/pmb/images/libros/E00041.jpg</a>
Link text Imagen de portada
Electronic format type image/jpeg
942 ## - ADDED ENTRY ELEMENTS (KOHA)
Koha item type
Existencias
Withdrawn status Lost status Damaged status Not for loan Home library Current library Shelving location Date acquired Total checkouts Full call number Barcode Date last seen Price effective from Koha item type
        Biblioteca Prof. Eusebio Cleto del Rey Biblioteca Prof. Eusebio Cleto del Rey   07/04/2026   E336.22 B643d/ER E00041 07/04/2026 07/04/2026 Libro